Budúcnosť musíme vidieť v spojení prirodzenej a umelej obnovy

Bibliographic Details
Main Author: Bruchánik, Rudolf (Author)
Format: Article
Language:Slovak
PhysicalDescription:Fotogr., tab.
ISSN:1336-0612
Subjects:

MARC

LEADER 00000nab a2200000 a 4500
001 vtls000874916
003 SK-MaSNL
005 20260304172828.0
008 250526c2004 xo 0 slo
015 |a SNBRB2004/06-17093 
035 |a CLN000226468 
035 |a urn:nbn:sk:snk-ab27n5 
035 |a (urnnbn)urn:nbn:sk:snk:ar-a01vyt 
035 |a (uuid)b9b37b24-dce1-4369-a576-8f94c2a1e2e5 
040 |a SNKBUCL  |b slo  |c SNKBUCL  |e AACR2 
041 0 |a slo 
044 |a xo  |c SK 
080 |a 630*23  |2 UDC-MRF-SK2 
100 1 |a Bruchánik, Rudolf  |4 aut  |9 412500 
245 1 0 |a Budúcnosť musíme vidieť v spojení prirodzenej a umelej obnovy  |c Rudolf Bruchánik 
300 |b Fotogr., tab. 
650 0 7 |a lesy  |x obnova prirodzená  |z obnova umelá  |2 snkbucl  |9 1502642 
655 7 |a články z novín a časopisov  |2 snkbucl  |9 267496 
773 0 |t Slovenské lesokruhy  |g Č. 3-4 (2004), s. 14-15  |x 1336-0612 
850 |a Slovenská národná knižnica 
852 |a Slovenská národná knižnica 
958 |a ONDV 
958 |a article27 
999 |c 3000259  |d 3002189